| 000 | 00881nam a2200205Ia 4500 | ||
|---|---|---|---|
| 003 | GCL | ||
| 008 | 140319s9999 xx 000 0 ara d | ||
| 040 |
_aGCL / _cGCL |
||
| 082 | 0 | 4 |
_aق _b915 _bج م |
| 100 | 1 | _aالجمعية الجغرافية المصرية | |
| 245 | 1 | 0 |
_aالمجلة الجغرافية العربية - المحاضرات العامة ع16 - 1984 / _cالجمعية الجغرافية المصرية |
| 260 |
_a[S.N] : _bالجمعية الجغرافية المصرية ، _c1984 |
||
| 490 | _a | ||
| 650 | 0 | 4 | _aخريطة العالم الاسلامى |
| 650 | 0 | 4 | _aنمط انتشار الاسلام فى افريقيا |
| 650 | 0 | 4 | _aنموذج طبيعى هندسى - جيمرفلوجى |
| 650 | 0 | 4 | _aتباعد المدن المليونية فى العال |
| 650 | 0 | 4 | _aالعمليات الهوائية ودور التجارب |
| 942 |
_2ddc _cBK |
||
| 999 |
_c34593 _d34593 |
||